[Event "Collado Villalba op-B 34th"]
[Site "Collado Villalba"]
[Date "2017.08.26"]
[Round "5"]
[White "Martin Rodriguez, Jose Luis"]
[Black "Perez Suchan, Saul Mario"]
[Result "1/2-1/2"]
[WhiteElo "1291"]
[BlackElo "1668"]
[PlyCount "67"]
[EventDate "2017.08.22"]
[EventType "swiss"]
[EventRounds "9"]
[EventCountry "ESP"]
[SourceTitle "CBM 180 Extra"]
[Source "ChessBase"]
[SourceDate "2017.10.06"]
[SourceVersion "1"]
[SourceVersionDate "2017.10.06"]
[SourceQuality "1"]

1. c4 e5 2. Nc3 f5 3. e4 d6 4. exf5 Bxf5 5. Qf3 Bc8 6. d3 Nf6 7. Bg5 Be7 8. Bxf6 Bxf6 9. g3 0-0 10. Qd5+ Kh8 11. Bh3 c6 12. Qe4 Bxh3 13. Nxh3 Na6 14. 0-0 Nc7 15. Rfe1 Qd7 16. Kg2 Rae8 17. Qe3 b6 18. Qc1 Ne6 19. Re4 d5 20. cxd5 cxd5 21. Re1 Nc5 22. Qd1 Rd8 23. Rc1 Qf5 24. Re3 Be7 25. Rf3 Qxf3+ 26. Qxf3 Rxf3 27. Kxf3 Nxd3 28. Rd1 Nxb2 29. Rxd5 Rxd5 30. Nxd5 Bf6 31. Ke4 Na4 32. Kf5 b5 33. Nxf6 gxf6 34. Kxf6 1/2-1/2

[Event "Villalba op 1st"]
[Site "Villalba"]
[Date "2013.08.04"]
[Round "9.18"]
[White "Diaz Begonte, Manuel"]
[Black "Perez Suchan, Saul Mario"]
[Result "1-0"]
[WhiteElo "1851"]
[BlackElo "1649"]
[PlyCount "87"]
[EventDate "2013.07.27"]
[EventType "swiss"]
[EventRounds "9"]
[EventCountry "ESP"]
[SourceTitle "EXT 2024"]
[Source "ChessBase"]
[SourceDate "2023.10.10"]
[SourceVersion "1"]
[SourceVersionDate "2023.10.10"]
[SourceQuality "1"]

1. e4 Nf6 2. e5 Nd5 3. d4 d6 4. Nf3 Bg4 5. Be2 dxe5 6. Nxe5 Bxe2 7. Qxe2 e6 8. 0-0 c6 9. Nc3 Nxc3 10. bxc3 Bd6 11. Bb2 0-0 12. c4 Nd7 13. Nd3 Re8 14. c5 Bf8 15. f4 g6 16. Qf3 Bg7 17. Ne5 Nf6 18. Rab1 Qc7 19. h3 h5 20. Rfe1 Re7 21. Ba1 Qa5 22. a3 Qd8 23. Re3 Qd5 24. Reb3 Qxf3 25. Rxf3 Ne4 26. Re3 Bxe5 27. Rxe4 Bg7 28. Re3 Rd8 29. c3 Kf8 30. Kf2 f6 31. c4 f5 32. Rd3 e5 33. fxe5 Bxe5 34. d5 cxd5 35. Rxd5 Rxd5 36. cxd5 Bxa1 37. Rxa1 Rc7 38. Rc1 b6 39. c6 Ke7 40. Ke3 Kd6 41. Kd4 Re7 42. Rc3 Re5 43. c7 Rxd5+ 44. Ke3 1-0

[Event "Villalba op 1st"]
[Site "Villalba"]
[Date "2013.07.29"]
[Round "3.20"]
[White "Petru, Lucian Olimpiu"]
[Black "Perez Suchan, Saul Mario"]
[Result "1-0"]
[WhiteElo "1822"]
[BlackElo "1649"]
[PlyCount "43"]
[EventDate "2013.07.27"]
[EventType "swiss"]
[EventRounds "9"]
[EventCountry "ESP"]
[SourceTitle "EXT 2024"]
[Source "ChessBase"]
[SourceDate "2023.10.10"]
[SourceVersion "1"]
[SourceVersionDate "2023.10.10"]
[SourceQuality "1"]

1. e4 c5 2. Nf3 d6 3. Bc4 Nf6 4. Nc3 a6 5. a4 e6 6. d4 cxd4 7. Nxd4 Nxe4 8. Nxe4 d5 9. Nf3 dxe4 10. Qxd8+ Kxd8 11. Ng5 f5 12. Nf7+ Ke8 13. Nxh8 g6 14. Bd2 Bg7 15. Bc3 e5 16. Nf7 Nc6 17. Nd6+ Ke7 18. Nxc8+ Rxc8 19. 0-0-0 Na7 20. Bb4+ Ke8 21. Be6 Rc6 22. Bd7+ 1-0

[Event "Tres Cantos op 3rd"]
[Site "Tres Cantos"]
[Date "2011.06.29"]
[Round "8"]
[White "Perez Suchan, Saul Mario"]
[Black "Fernandez Trillo, Raul"]
[Result "0-1"]
[WhiteElo "1668"]
[BlackElo "1836"]
[PlyCount "48"]
[EventDate "2011.06.22"]
[EventType "swiss"]
[EventRounds "9"]
[EventCountry "ESP"]
[SourceTitle "EXT 2012"]
[Source "ChessBase"]
[SourceDate "2011.11.24"]
[SourceVersion "1"]
[SourceVersionDate "2011.11.24"]
[SourceQuality "1"]

1. Nf3 d5 2. b3 c5 3. c4 d4 4. g3 Nc6 5. Bg2 e5 6. d3 Be7 7. 0-0 f5 8. e4 fxe4 9. dxe4 Nf6 10. Ne1 0-0 11. Nd3 Qc7 12. f4 Bg4 13. Qe1 Rad8 14. fxe5 Nxe5 15. Nxe5 Qxe5 16. Bf4 Qh5 17. e5 Nd7 18. Qe4 Bg5 19. e6 Nf6 20. Qxb7 Bxe6 21. Qxa7 Ng4 22. h4 Bxf4 23. Rxf4 Rxf4 24. gxf4 Qxh4 0-1

[Event "Tres Cantos op 3rd"]
[Site "Tres Cantos"]
[Date "2011.06.26"]
[Round "5"]
[White "Perez Suchan, Saul Mario"]
[Black "De la Orden Alcocer, Alejandro"]
[Result "0-1"]
[WhiteElo "1668"]
[BlackElo "1826"]
[PlyCount "76"]
[EventDate "2011.06.22"]
[EventType "swiss"]
[EventRounds "9"]
[EventCountry "ESP"]
[SourceTitle "EXT 2012"]
[Source "ChessBase"]
[SourceDate "2011.11.24"]
[SourceVersion "1"]
[SourceVersionDate "2011.11.24"]
[SourceQuality "1"]

1. Nf3 g6 2. c4 c5 3. Nc3 Bg7 4. g3 Nc6 5. Bg2 Nf6 6. 0-0 0-0 7. d4 cxd4 8. Nxd4 Nxd4 9. Qxd4 d6 10. e4 Be6 11. Qd3 Qc8 12. Nd5 Nxd5 13. cxd5 Bh3 14. Rb1 Bxg2 15. Kxg2 Qd7 16. Be3 Rfc8 17. Rfc1 Qa4 18. a3 Rxc1 19. Bxc1 Rc8 20. b3 Qd4 21. Qxd4 Bxd4 22. Bb2 Bxb2 23. Rxb2 Rc3 24. a4 f5 25. Re2 Kf7 26. exf5 gxf5 27. Re3 Rxe3 28. fxe3 Kf6 29. Kf3 Ke5 30. g4 fxg4+ 31. Kxg4 Kxd5 32. Kf5 e5 33. h4 a5 34. h5 Kc6 35. Ke6 e4 36. h6 d5 37. Ke5 Kc5 38. Kf4 Kd6 0-1

[Event "Tres Cantos op 3rd"]
[Site "Tres Cantos"]
[Date "2011.06.25"]
[Round "4"]
[White "Rodriguez Alonso, Marcos"]
[Black "Perez Suchan, Saul Mario"]
[Result "0-1"]
[WhiteElo "1513"]
[BlackElo "1668"]
[PlyCount "117"]
[EventDate "2011.06.22"]
[EventType "swiss"]
[EventRounds "9"]
[EventCountry "ESP"]
[SourceTitle "EXT 2012"]
[Source "ChessBase"]
[SourceDate "2011.11.24"]
[SourceVersion "1"]
[SourceVersionDate "2011.11.24"]
[SourceQuality "1"]

1. e4 c6 2. d4 d5 3. exd5 cxd5 4. Bd3 Nf6 5. c3 Nc6 6. Bf4 g6 7. Nf3 Bg7 8. Nbd2 0-0 9. Qc2 e6 10. 0-0 Nh5 11. Bg3 Nxg3 12. fxg3 f5 13. Rae1 Bd7 14. Nb3 b6 15. Bb5 Qc7 16. Bxc6 Qxc6 17. Ne5 Bxe5 18. Rxe5 a5 19. Nd2 b5 20. Nb3 b4 21. Nc5 Rfe8 22. Rfe1 Kf7 23. Qd2 bxc3 24. bxc3 a4 25. a3 Ra5 26. Qg5 Rxc5 27. dxc5 Qxc5+ 28. Kh1 Qxa3 29. Qc1 Qxc1 30. Rxc1 a3 31. Ra1 Ra8 32. Re2 Kf6 33. Rea2 Ke5 34. Rxa3 Rxa3 35. Rxa3 Bb5 36. Kg1 Ke4 37. Kf2 g5 38. Ra7 Kd3 39. Rxh7 Kxc3 40. Re7 d4 41. Rxe6 d3 42. Ke3 f4+ 43. gxf4 gxf4+ 44. Kxf4 d2 45. Rd6 Bd3 46. Kg3 d1Q 47. Rf6 Qe1+ 48. Kh3 Qe5 49. Rf3 Kd4 50. Kg4 Be4 51. Rg3 Qf5+ 52. Kh4 Qh7+ 53. Kg4 Ke5 54. Rh3 Bf5+ 55. Kg3 Bxh3 56. gxh3 Qh5 57. Kg2 Kf4 58. h4 Qxh4 59. h3 0-1